شرط الدولة الاكثر رعاية / (رقم التسجيلة. 29234)

تفاصيل مارك
000 -الفاتح
حقل البيانات ثابتة الطول 00713nam a22002057a 4500
003 - محدد رقم الضبط
رقم الضبط OSt
005 - وقت وتاريخ اخر تعامل مع التسجيلة
رقم الضبط 20150408114128.0
008 - عناصر البيانات ثابتة الطول - معلومات عامة
حقل البيانات ثابتة الطول 130318s 2011le ||||g |||| 00| 0 ara d
040 ## - مصدر الفهرسة
وكالة الفهرسة الأصلية Ma-un
082 ## - رقم تصنيف ديوى العشرى
رقم التصنيف 341.759
رقم المادة م هـ ش
100 ## - المدخل الرئيسى - إسم شخصى
الإسم الشخصى المالكي، هادي نعيم
9 (RLIN) 14564
245 ## - بيان العنوان
العنوان شرط الدولة الاكثر رعاية /
بيان المسئوليه,etc هادي نعيم المالكي
250 ## - بيان الطبعة
بيان الطبعة ط 1
260 ## - PUBLICATION, DISTRIBUTION, ETC. (IMPRINT)
مكان الناشر او الموزع صيدا، لبنان
اسم الناشر او الموزع مكتبة زين الحقوقية
تاريخ النشر أو التوزيع 2011
300 ## - الوصف المادى
التعداد 239 ص.؛
أبعاد الوعاء 22 سم.
650 ## - المدخل الاضافى بالموضوع-مصطلح موضوعى
مصطلح موضوعي أو اسم جغرافي كعنصر مدخل القانون الدولي الاقتصادي
9 (RLIN) 34635
650 ## - المدخل الاضافى بالموضوع-مصطلح موضوعى
مصطلح موضوعي أو اسم جغرافي كعنصر مدخل العلاقات الاقتصادية
650 ## - المدخل الاضافى بالموضوع-مصطلح موضوعى
مصطلح موضوعي أو اسم جغرافي كعنصر مدخل القانون الدولي العام
9 (RLIN) 627
942 ## - عناصر المدخل الإضافي( كوها)
مصدر التصنيف او مخطط الترفيف Dewey Decimal Classification
Koha [default] item type كتاب
المقتنيات
حالة الفقد نموذج السعر الفعال حالة تلف ليس للاعارة رقم الطلب رقم النسخة تاريخ الاكتساب الموقع الحالي الباركود الفرع الرئيسي Date last seen نوع المادة فى نظام كوها مصدر التصنيف او خطة الترفيف Total Checkouts
  2013-03-18   Not For Loan 341.759 م هـ ش 1 2013-03-18 المكتبة المركزية بالمجمعة (CL) 00306283 المكتبة المركزية بالمجمعة (CL) 2013-03-18 كتاب Dewey Decimal Classification  
  2013-03-18     341.759 م هـ ش 2 2013-03-18 المكتبة المركزية بالمجمعة (CL) 00306284 المكتبة المركزية بالمجمعة (CL) 2013-03-18 كتاب Dewey Decimal Classification  
  2013-03-18     341.759 م هـ ش 3 2013-03-18 المكتبة المركزية بالمجمعة (CL) 00306285 المكتبة المركزية بالمجمعة (CL) 2013-03-18 كتاب Dewey Decimal Classification  
  2013-03-18     341.759 م هـ ش 2 2013-03-18 المكتبة المركزية بالمجمعة (CL) 00306289 المكتبة المركزية بالمجمعة (CL) 2013-03-18 كتاب Dewey Decimal Classification  
  2013-03-18   Not For Loan 341.759 م هـ ش 1 2013-03-18 كلية الشريعة والقانون - طلاب 00306286 كلية الشريعة والقانون - طلاب 2013-03-18 كتاب Dewey Decimal Classification  
  2013-03-18     341.759 م هـ ش 2 2013-03-18 كلية الشريعة والقانون - طلاب 00306287 كلية الشريعة والقانون - طلاب 2013-03-18 كتاب Dewey Decimal Classification  
  2013-03-18   Not For Loan 341.759 م هـ ش 1 2013-03-18 مكتبة كلية العلوم و الدراسات الإنسانية برماح - طالبات (SRF) 00306288 مكتبة كلية العلوم و الدراسات الإنسانية برماح - طالبات (SRF) 2013-03-18 كتاب Dewey Decimal Classification  
  2013-03-18   Not For Loan 341.759 م هـ ش 1 2013-03-18 مكتبة كلية العلوم و الدراسات الإنسانية برماح - طلاب (SRM) 00306290 مكتبة كلية العلوم و الدراسات الإنسانية برماح - طلاب (SRM) 2013-03-18 كتاب Dewey Decimal Classification  
  2013-03-18     341.759 م هـ ش 2 2013-03-18 مكتبة كلية العلوم و الدراسات الإنسانية برماح - طلاب (SRM) 00306291 مكتبة كلية العلوم و الدراسات الإنسانية برماح - طلاب (SRM) 2013-03-18 كتاب Dewey Decimal Classification